000 00693nam a2200205Ii 4500
001 8240
003 CO-ViMGA
008 241108s9999||||xx |||||||||||||| ||und||
040 _aCO-ViMGA
_bspa
_erda
_cCO-ViMGA
041 0 _aspa
082 0 4 _a370.13 C718c
110 1 _aColombia: Presidencia de la República
_9247
245 1 0 _aColombia al filo de la oportunidad
264 1 _a[Lugar de publicación no identificado] : Misión ciencia educación y desarrollo, [Fecha de publicación no identificada]
300 _avolumen
336 _atext
_btxt
_2rdacontent
337 _aunmediated
_bn
_2rdamedia
338 _avolume
_bnc
_2rdacarrier
940 _aidficha_siabuc: 8055. -- ficha_no_siabuc:8240
999 _c49407
_d49407